Nueva gramática castellana o Método racional teórico-práctico de la lengua castellana (Record no. 154589)

MARC details
000 -LEADER
campo de control de longitud fija 01094nam a2200229 i 4500
001 - NÚMERO DE CONTROL
campo de control 154589
003 - IDENTIFICADOR DE NÚMERO DE CONTROL
campo de control ES-MaACL
005 - FECHA Y HORA DE LA ÚLTIMA TRANSACCIÓN
campo de control 20240528153940.0
008 - DATOS DE LONGITUD FIJA--INFORMACIÓN GENERAL
campo de control de longitud fija 021205s1873 sp |||| | spa d
040 ## - FUENTE DE CATALOGACIÓN
Centro catalogador/agencia de origen CAM
Lengua de catalogación spa
Centro/agencia transcriptor CAM
100 1# - ENTRADA PRINCIPAL--NOMBRE DE PERSONA
Nombre de persona González Moro, Andrés.
9 (RLIN) 127420
245 10 - MENCIÓN DEL TÍTULO
Título Nueva gramática castellana o Método racional teórico-práctico de la lengua castellana
Resto del título : dividida en secciones para la mayor facilidad de su enseñanza en las escuelas /
Mención de responsabilidad, etc. por Andrés González Moro.
246 30 - FORMA VARIANTE DEL TITULO
Título propio/Titulo breve Método racional teórico-práctico de la lengua castellana
260 ## - PUBLICACIÓN, DISTRIBUCIÓN, ETC.
Lugar de publicación, distribución, etc. Avilés :
Nombre del editor, distribuidor, etc. [s.n.],
Fecha de publicación, distribución, etc. 1873 (
Fabricante Imp. Lib. de A.M. Pruneda)
300 ## - DESCRIPCIÓN FÍSICA
Extensión 126 p. ;
Dimensiones 15 cm.
650 #4 - PUNTO DE ACCESO ADICIONAL DE MATERIA--TÉRMINO DE MATERIA
Término de materia o nombre geográfico como elemento de entrada Lengua española-
Subdivisión general Gramática.
9 (RLIN) 14161
650 #4 - PUNTO DE ACCESO ADICIONAL DE MATERIA--TÉRMINO DE MATERIA
Término de materia o nombre geográfico como elemento de entrada Lengua española-
Subdivisión de forma Métodos.
9 (RLIN) 142902
852 ## - LOCALIZACIÓN
Ubicación ES-MaACL
Número de control de estantería FOLL-Laf-587
itemnumber 160257
Ubicación en estantería Depósito folletos
Anotaciones manuscritas Sello en tinta en portada: "Ateneo de Madrid. Legado M. de la Fuente"
-- Sello en tinta en portada: "Ateneo de Madrid. Biblioteca"
Donativo/Legado Legado: M. de la Fuente
903 ## - NOMBRE PERSONAL DE DONANTE
9 69535
a Lafuente, Modesto,
q 1
d 1806-1866
e Donante
942 ## - ELEMENTOS DE ENTRADA SECUNDARIOS (KOHA)
Fuente del sistema de clasificación o colocación Clasificación decimal universal
Holdings
Estatus retirado Estado de pérdida Fuente del sistema de clasificación o colocación Estado de daño No para préstamo Colección Biblioteca de origen Biblioteca actual Ubicación en estantería Fecha de adquisición Fuente de adquisición Total de préstamos Signatura topográfica completa Código de barras Visto por última vez Precio de reemplazo Tipo de ítem Koha
    Clasificación decimal universal     Colección de folletos Biblioteca del Ateneo de Madrid Biblioteca del Ateneo de Madrid Depósito folletos 17/01/2008 Legado   FOLL-Laf-587 1161682 23/02/2023 23/02/2023 Folleto